Town and country planning law / (Record no. 85930)

MARC details
000 -LEADER
campo de control de longitud fija 00480nam a2200169 i 4500
001 - NÚMERO DE CONTROL
campo de control 85930
003 - IDENTIFICADOR DE NÚMERO DE CONTROL
campo de control ES-MaACL
005 - FECHA Y HORA DE LA ÚLTIMA TRANSACCIÓN
campo de control 20230906175334.0
007 - CAMPO FIJO DE DESCRIPCIÓN FÍSICA--INFORMACIÓN GENERAL
campo de control de longitud fija t|
008 - DATOS DE LONGITUD FIJA--INFORMACIÓN GENERAL
campo de control de longitud fija 041203s1947 xxk ||||1| eng d
100 1# - ENTRADA PRINCIPAL--NOMBRE DE PERSONA
Nombre de persona Kekwick, James.
9 (RLIN) 67744
245 10 - MENCIÓN DEL TÍTULO
Título Town and country planning law /
Mención de responsabilidad, etc. by James Kekwick.
250 ## - MENCION DE EDICION
Mención de edición [1st ed.].
260 ## - PUBLICACIÓN, DISTRIBUCIÓN, ETC.
Lugar de publicación, distribución, etc. London :
Nombre del editor, distribuidor, etc. Stevens & Sons,
Fecha de publicación, distribución, etc. 1947 (
Fabricante The Eastern Press)
300 ## - DESCRIPCIÓN FÍSICA
Extensión XVII, 556 p. ;
Dimensiones 25 cm.
852 ## - LOCALIZACIÓN
Ubicación ES-MaACL
Número de control de estantería C-5309
Sublocalización o colección R.25474
Holdings
Estatus retirado Estado de pérdida Estado de daño No para préstamo Biblioteca de origen Biblioteca actual Ubicación en estantería Fecha de adquisición Fuente de adquisición Total de préstamos Signatura topográfica completa Código de barras Visto por última vez Precio de reemplazo Tipo de ítem Koha
        Biblioteca del Ateneo de Madrid Biblioteca del Ateneo de Madrid Sala Palomar 17/01/2008     C-5309 1089795 23/02/2023 23/02/2023 Libro impreso